000 00668cam a2200217 a 4500
001 1408582
005 20180314050416.0
008 840329s1983 caua 001 0 eng
010 _a 83081004
020 _a0376033371 (pbk.) :
_c$5.95
040 _aDLC
_cDLC
_dDLC
041 _aeng
080 _a635.965
082 0 0 _a635.965 SUN
_219
100 1 _a9
101 _aMJE
245 1 0 _aSunset house plants /
_cby the editors of Sunset books and Sunset magazine ; [research & text, A. Cort Sinnes ; illustrations, Kerry Woodward, Rik Olson, Dinah James].
740 0 _aHouse plants.
906 _a7
_bcbc
_corignew
_d2
_eopcn
_f19
_gy-gencatlg
942 _2ddc
_cBK
999 _c44968
_d44968